| Tag |
First Indicator |
Second Indicator |
Subfields |
| LEADER |
00000cam a22000008a 4500 |
| 001 |
in00000025021 |
| 005 |
20151007055707.0 |
| 008 |
870409s1987 enk b 00110 eng |
| 010 |
|
|
|a 87009733
|
| 020 |
|
|
|a 071021166X
|
| 035 |
|
|
|a (OCoLC)15588777
|
| 035 |
|
|
|9 AAB8996AM
|
| 040 |
|
|
|a DLC
|c DLC
|d m/c
|d TXA
|d UtOrBLW
|
| 043 |
|
|
|a e-ur---
|
| 049 |
|
|
|a TXAM
|c [A11111675]
|
| 050 |
0 |
0 |
|a HN523.5
|b .C48 1987
|
| 082 |
0 |
|
|a 306/.0947
|2 19
|
| 100 |
1 |
|
|a Churchward, L. G.
|
| 245 |
1 |
0 |
|a Soviet socialism :
|b social and political essays /
|c L.G. Churchward.
|
| 263 |
|
|
|a 8710
|
| 264 |
|
1 |
|a London ;
|a New York :
|b Routledge & K. Paul,
|c 1987.
|
| 300 |
|
|
|a xiv, 216 pages
|
| 336 |
|
|
|a text
|b txt
|2 rdacontent
|
| 337 |
|
|
|a unmediated
|b n
|2 rdamedia
|
| 338 |
|
|
|a volume
|b nc
|2 rdacarrier
|
| 504 |
|
|
|a Bibliography: pages [193]-208.
|
| 500 |
|
|
|a Includes index.
|
| 651 |
|
0 |
|a Soviet Union
|x Politics and government
|y 1945-1991.
|
| 651 |
|
0 |
|a Soviet Union
|x Social conditions
|y 1945-1991.
|
| 999 |
|
|
|a MARS
|
| 999 |
f |
f |
|s f1d5cbdf-e403-33b2-a0c7-eda7ad5b80e7
|i e4d0db72-92a0-3a22-a547-02f99fd3871d
|t 0
|
| 952 |
f |
f |
|p ric
|a Texas A&M University
|b Rellis Campus
|c Joint Library Facility
|d Remote Storage
|t 0
|e HN523.5 .C48 1987
|h Library of Congress classification
|i unmediated -- volume
|m A14811111675
|
| 998 |
f |
f |
|a HN523.5 .C48 1987
|t 0
|l Remote Storage
|